000 00937nam a2200265Ia 4500
003 OSt
005 20220923211531.0
006 a|||||r|||| 00| 0
007 ta
008 220922b |||||||| |||| 00| 0 hin d
020 _a9789381863367 (hbk)
_c300
024 _a284,545
037 _bBR8586, 30/03/2015, Rajkamal Prakashan Pvt. Ltd
_cTextual
040 _aARTS
_cARTS
_bhin
041 _2hin
_ahin
082 _aB9, 152Q5
100 _aमुले, गुणाकर
_9156291
245 0 _aसूरज चांद सितारे
246 _aSūraj chāanda sitāre
260 _aनई दिल्ली
_b ज्ञान विज्ञान प्रकाशन
_c2015
300 _a119पृ.
_ccm.
650 _aग्थ्ण्ज्ञत्
942 _hB9, 152Q5
_cTEXL
_2CC
999 _c300533
_d300533